000 00901cam a2200205 4500
001 WB3824-01
008 020702n2002 000 0 eng u
035 _a(Sirsi) u118637
245 _aConstruction on solid foundation
260 _c2002
490 _aRICS Press Release
_v(pr075) 1 July 2002, (2)
520 _aThe latest RICS Construction Survey for the second quarter 2002 indicates that the UK construction industry is recovering from the post September 11 dip with 21% more surveyors reporting a rise in workloads than a fall. The growth is mainly attributed to the private housing sector. http://www.rics.org/ricscms/bin/show?class=PressRelease&template=/includes/showpr.html&id=763
590 _aWB
650 _aPRIVATE HOUSING SECTOR
650 _aRICS SURVEYS
650 _aCONSTRUCTION OUTPUT
650 _aCONSTRUCTION INDUSTRY
690 _aBUILT ENVIRONMENT
942 _n0
999 _c70650
_d70650